000 00322nam a2200133Ia 4500
005 20251222144922.0
008 251222s9999||||xx |||||||||||||| ||spa||
020 _a987-1004-85-0
082 _a371.33/O88
100 _aOttobre, Salvador
245 0 _a¿Dónde quedo mi Tamagochi?:
264 _bLa Crujía
942 _cLIB
999 _c22771
_d22771